000 00314nam a2200145Ia 4500
100 _aShanley/Tom/ Anderson Don
250 _a2
942 _cBK
654 _acomputer
245 _aEISA Systems Architecture
260 _bAddison Wesley Pub
_aNONE
_c1995
300 _a207
546 _aENGLISH
999 _c25633
_d25633